|
|
|
|
| LEADER |
01052nam a2200241 a 4500 |
| 001 |
4687557 |
| 008 |
100413s1977 nyua b 000 0 eng d |
| 010 |
|
|
|a 81176512
|
| 040 |
|
|
|a DLC
|c DLC
|d DLC
|d BD-DhAAL
|
| 082 |
0 |
0 |
|a 307.7/2
|2 17
|
| 100 |
1 |
|
|a Cohen, John M.
|
| 245 |
1 |
0 |
|a Rural development participation :
|b concepts and measures for project design, implementation, and evaluation /
|c John M. Cohen and Norman T. Uphoff.
|
| 260 |
|
|
|a Ithaca, N.Y. :
|b Rural Development Committee, Center for International Studies, Cornell University,
|c 1977.
|
| 300 |
|
|
|a xvi, 317 p. :
|b ill. ;
|c 28 cm.
|
| 490 |
|
0 |
|a Rural development monograph ;
|v no. 2
|
| 504 |
|
|
|a Includes bibliographical references.
|
| 541 |
1 |
|
|e 00001080
|
| 650 |
|
0 |
|a Rural development
|x Planning.
|
| 650 |
|
0 |
|a Rural development.
|
| 700 |
1 |
|
|a Uphoff, Norman Thomas.
|
| 852 |
4 |
|
|a Ayesha Abed Library
|j General shelf
|
| 999 |
|
|
|c 8271
|d 8271
|
| 952 |
|
|
|0 0
|1 0
|2 ddc
|4 0
|6 307_720000000000000_COH_1977
|7 0
|9 9557
|a BRACUL
|b BRACUL
|c GEN
|d 2010-04-29
|g 0.00
|l 0
|o 307.72 COH
|p 3010001080
|r 2010-04-29
|t 1
|w 2010-04-29
|y BK
|